00341nam a2200133Ia 4500008004100000020001800041041001200059100001600071245005700087250000900144260003100153300000800184650001500192221030s9999 xx 000 0 und d a9789391211264 aEnglish aD. F. Mulla 0aPrinciples of Mahomedan Law 23rd Ed.cby D. F. Mulla a23rd bLexis NexisaGurgaonc2021 a872 aMuslim Law